000
00185 a2200097 4500
020
_a
9780307392268
041
_a
spa
100
_a
RANDY PAUSCH
245
_a
LA ULTIMA LECCION
942
_c
BK
999
_c
4097
_d
4097